| Поле | Название | Значение |
| |
Тип записи |
a |
| |
Библиографический уровень |
m |
| 001 |
Контрольный номер |
RU\infra-m\znanium\bibl\2215067 |
| 005 |
Дата корректировки |
20260429142343.3 |
| 008 |
Кодируемые данные |
260119s2026 RU g rus u |
| 020 |
Индекс ISBN |
__ |
| a |
ISBN |
978-5-16-006407-9 |
| 020 |
Индекс ISBN |
__ |
| a |
ISBN |
978-5-16-114592-0 (электр. издание) |
| 040 |
Источник каталогиз. |
__ |
| a |
Служба первич. каталог. |
Общество с ограниченной ответственностью «ЗНАНИУМ» |
| 041 |
Код языка издания |
__ |
| a |
Код языка текста |
rus |
| 044 |
Код страны публикации |
__ |
| a |
Код страны публикации |
RU |
| 080 |
Индекс УДК |
__ |
| a |
Индекс УДК |
63(075.8) |
| 084 |
Индекс другой классификации/Индекс ББК |
__ |
| 2 |
Источник индекса |
rubbk |
| a |
Индекс другой классификации/Индекс ББК |
4я73 |
| 084 |
Индекс другой классификации/Индекс ББК |
__ |
| 2 |
Источник индекса |
okso |
| a |
Индекс другой классификации/Индекс ББК |
38.04.08 |
| 100 |
Автор |
__ |
| a |
Автор |
Хоружий Л.И. |
| q |
Полное имя |
Хоружий Людмила Ивановна |
| u |
Дополнение |
Российский государственный аграрный университет - МСХА им. К.А. Тимирязева |
| 245 |
Заглавие |
__ |
| a |
Заглавие |
Управленческий учет в сельском хозяйстве |
| b |
Продолж. заглавия |
Учебник |
| c |
Ответственность |
Российский государственный аграрный университет - МСХА им. К.А. Тимирязева; Российский государственный аграрный университет - МСХА им. К.А. Тимирязева; Финансовый университет при Правительстве Российской Федерации, Калужский ф-л |
| 250 |
Сведения об издании |
__ |
| a |
Основные сведения об издании |
1 |
| 260 |
Выходные данные |
__ |
| a |
Место издания |
Москва |
| b |
Издательство |
ООО "Научно-издательский центр ИНФРА-М" |
| c |
Дата издания |
2026 |
| 300 |
Физическое описание |
__ |
| a |
Объем |
207 с. |
| 440 |
Серия |
__ |
| a |
Серия |
Высшее образование: Бакалавриат |
| 520 |
Аннотация |
__ |
| a |
Аннотация |
Учебник подготовлен в соответствии с федеральным образовательным стандартом по направлению подготовки «Экономика (бакалавр)» и предназначен для студентов очной заочной и сокращенной форм обучения. Учебник включает лекционный курс задания для практических занятий задания для самостоятельной работы тестовые задания вопросы для текущей аттестации комплексную задачу по курсу задания для лабораторного практикума по управленческому учету терминологический словарь и список литературы. Для студентов преподавателей высших учебных заведений и системы повышения квалификации подготовки и переподготовки бухгалтерских кадров АПК а также для практикующих бухгалтеров менеджеров руководителей организаций АПК и предприятий связанных с переподготовкой и реализацией сельскохозяйственной продукции. |
| 521 |
Примеч. о цел. назн. |
__ |
| a |
Примеч. о целев. назн. |
ВО - Бакалавриат |
| 650 |
Тематические рубрики |
__ |
| a |
Основная рубрика |
Экономика. Бухгалтерский учет. Финансы |
| x |
Основная подрубрика |
Управленческий учет |
| 655 |
Указ. предметных рубрик (устаревшее) |
__ |
| a |
Жанр/ форма (устаревшее) |
Учебник |
| 700 |
Другие авторы |
__ |
| a |
Другие авторы |
Костина О.И. |
| q |
Полное имя |
Костина Ольга Ивановна |
| u |
Дополнение |
Финансовый университет при Правительстве Российской Федерации, Калужский ф-л |
| 700 |
Другие авторы |
__ |
| a |
Другие авторы |
Губернаторова Н.Н. |
| q |
Полное имя |
Губернаторова Наталья Николаевна |
| 700 |
Другие авторы |
__ |
| a |
Другие авторы |
Сергеева И.А. |
| q |
Полное имя |
Сергеева Ирина Александровна |
| u |
Дополнение |
Московский государственный университет им. М.В. Ломоносова, физический факультет |
| 700 |
Другие авторы |
__ |
| a |
Другие авторы |
Хоружий Л.И. |
| q |
Полное имя |
Хоружий Людмила Ивановна |
| u |
Дополнение |
Российский государственный аграрный университет - МСХА им. К.А. Тимирязева |
| 856 |
Электронный адрес документа |
4_ |
| a |
Имя сервера/домена |
znanium.ru |
| m |
Помощь |
ebs_support@infra-m.ru |
| n |
Местонахождение сервера |
НИЦ ИНФРА-М |
| u |
URL |
https://znanium.ru/catalog/document?id=476448 |
| 856 |
Электронный адрес документа |
48 |
| a |
Имя сервера/домена |
znanium.ru |
| d |
Путь |
/cover/2215 |
| f |
Электронное имя |
2215067.jpg |
| u |
URL |
https://znanium.ru/cover/2215/2215067.jpg |
| 911 |
|
__ |
| u |
|
0030=https://znanium.ru/catalog/document?id=476448 |
| 911 |
|
__ |
| u |
|
712a=Российский государственный аграрный университет - МСХА им. К.А. Тимирязева |
| 911 |
|
__ |
| u |
|
712a=Финансовый университет при Правительстве Российской Федерации, Калужский ф-л |